<?xml version='1.0' encoding='UTF-8'?>
  <record xmlns="http://www.loc.gov/MARC21/slim">
    <leader>00000cam a22000007i 4500</leader>
    <controlfield tag="001">ocm68031551</controlfield>
    <controlfield tag="003">OCoLC</controlfield>
    <controlfield tag="005">20250519083125.7</controlfield>
    <controlfield tag="008">980811s1566    xx            000 0 ger d</controlfield>
    <datafield tag="040" ind1=" " ind2=" ">
      <subfield code="a">NLGGC</subfield>
      <subfield code="b">eng</subfield>
      <subfield code="e">rda</subfield>
      <subfield code="e">dcrmr</subfield>
      <subfield code="c">NLGGC</subfield>
      <subfield code="d">QGJ</subfield>
      <subfield code="d">OCLCL</subfield>
      <subfield code="d">QGJ</subfield>
    </datafield>
    <datafield tag="029" ind1="0" ind2=" ">
      <subfield code="a">NLGGC</subfield>
      <subfield code="b">172313864</subfield>
    </datafield>
    <datafield tag="035" ind1=" " ind2=" ">
      <subfield code="a">(OCoLC)68031551</subfield>
    </datafield>
    <datafield tag="041" ind1="0" ind2=" ">
      <subfield code="a">ger</subfield>
      <subfield code="a">lat</subfield>
    </datafield>
    <datafield tag="100" ind1="1" ind2=" ">
      <subfield code="a">Ferus, Johann,</subfield>
      <subfield code="d">1495-1554,</subfield>
      <subfield code="e">author.</subfield>
      <subfield code="4">aut</subfield>
      <subfield code="1">https://id.oclc.org/worldcat/entity/E39PBJyRv6WJrpp6r8H4rm4pfq</subfield>
    </datafield>
    <datafield tag="245" ind1="1" ind2="0">
      <subfield code="a">Christliches Bedencken, Wie im Römischen Reich, vnd der gantzen Kirchen, mit Gottes hülff, Irrthumb in der Religion, falsche Leren, Ketzereien, Aberglaub, Abgötterey, Verfürung, Secten, Trennung der Kirchen, Spaltung in Weltlichen Regimenten abgeschafft, Vnd ware Lere, Gottes Wort, rechte, vngefelschte, Christliche Religion, eintrechtigheit, fried vnd einigheit zuwege gebracht vnd bestendiglich erhalten möchte werden, :</subfield>
      <subfield code="b">Kurtzer, einfeltiger, vnbeschwerlicher weg, an die Stend des Reichs, jetzt zu Augspurg versamlet. /</subfield>
      <subfield code="c">Durch Johannem Wild, Diener des Worts Gottes.</subfield>
    </datafield>
    <datafield tag="246" ind1="3" ind2=" ">
      <subfield code="a">Christliches Bedencken, Wie im Römischen Reich, und der gantzen Kirchen, mit Gottes hülff, Jrrthumb in der Religion, falsche Leren, Ketzereien, Aberglaub, Abgötterey, Verfürung, Secten, Trennung der Kirchen, Spaltung in Weltlichen Regimenten abgeschafft, und ware Lere, Gottes Wort, rechte, ungefelschte, Christliche Religion, eintrechtigkeit, fried und einigheit zuwege gebracht und bestendiglich erhalten möchte werden</subfield>
    </datafield>
    <datafield tag="264" ind1=" " ind2="1">
      <subfield code="a">[Place of publication not identified] :</subfield>
      <subfield code="b">[publisher not identified],</subfield>
      <subfield code="c">Im Jar 1566.</subfield>
    </datafield>
    <datafield tag="300" ind1=" " ind2=" ">
      <subfield code="a">[2], 142 pages ;</subfield>
      <subfield code="c">21 cm (4to)</subfield>
    </datafield>
    <datafield tag="336" ind1=" " ind2=" ">
      <subfield code="a">text</subfield>
      <subfield code="b">txt</subfield>
      <subfield code="2">rdacontent</subfield>
    </datafield>
    <datafield tag="337" ind1=" " ind2=" ">
      <subfield code="a">unmediated</subfield>
      <subfield code="b">n</subfield>
      <subfield code="2">rdamedia</subfield>
    </datafield>
    <datafield tag="338" ind1=" " ind2=" ">
      <subfield code="a">volume</subfield>
      <subfield code="b">nc</subfield>
      <subfield code="2">rdacarrier</subfield>
    </datafield>
    <datafield tag="340" ind1=" " ind2=" ">
      <subfield code="m">4to</subfield>
      <subfield code="2">rdabf</subfield>
    </datafield>
    <datafield tag="500" ind1=" " ind2=" ">
      <subfield code="a">Imprint: Im Jar 1566.</subfield>
    </datafield>
    <datafield tag="500" ind1=" " ind2=" ">
      <subfield code="a">Signatures: A-S⁴.</subfield>
    </datafield>
    <datafield tag="500" ind1=" " ind2=" ">
      <subfield code="a">With initials and printed marginalia.</subfield>
    </datafield>
    <datafield tag="510" ind1="4" ind2=" ">
      <subfield code="a">Verzeichnis der im deutschen Sprachbereich erschienenen Drucke des 16. Jahrhunderts (VD 16),</subfield>
      <subfield code="c">W 2926</subfield>
      <subfield code="u">https://gateway-bayern.de/VD16+W+2926</subfield>
    </datafield>
    <datafield tag="510" ind1="4" ind2=" ">
      <subfield code="a">Adams, H.M. Catalogue of books printed on the continent of Europe, 1501-1600, in Cambridge libraries,</subfield>
      <subfield code="c">F 331</subfield>
    </datafield>
    <datafield tag="546" ind1=" " ind2=" ">
      <subfield code="a">In German, with some passages in Latin.</subfield>
    </datafield>
    <datafield tag="650" ind1=" " ind2="0">
      <subfield code="a">Reformation</subfield>
      <subfield code="z">Germany</subfield>
      <subfield code="v">Early works to 1800.</subfield>
    </datafield>
    <datafield tag="650" ind1="1" ind2="7">
      <subfield code="a">Reformatie.</subfield>
      <subfield code="2">gtt</subfield>
      <subfield code="0">(NL-LeOCL)078646871</subfield>
    </datafield>
    <datafield tag="651" ind1=" " ind2="7">
      <subfield code="a">Duitsland.</subfield>
      <subfield code="2">gtt</subfield>
      <subfield code="0">(NL-LeOCL)07849043X</subfield>
    </datafield>
    <datafield tag="758" ind1=" " ind2=" ">
      <subfield code="i">has work:</subfield>
      <subfield code="a">Christliches Bedencken, wie im Römischen Reich, und der gantzen Kirchen, mit Gottes hülff, Irrthumb in der Religion falsche Leren, Ketzereien, Aberglaub, Abgötterey, Verfürung, Secten, Trennung der Kirchen, Spaltung in Weltlichen Regimenten abgeschafft, und ware Lere, Gottes Wort, Rechte, ungefelschte, Christliche Religion, Eintrechtigheit, Fried und Einigheit zuwege gebracht und bestendiglich erhalten möchte werden (Text)</subfield>
      <subfield code="1">https://id.oclc.org/worldcat/entity/E39PCGj6KC9QFdfX6xwkcrtJwy</subfield>
      <subfield code="4">https://id.oclc.org/worldcat/ontology/hasWork</subfield>
    </datafield>
  </record>